<?xml version="1.0" encoding="UTF-8"?>
<record
    xmlns:xsi="http://www.w3.org/2001/XMLSchema-instance"
    xsi:schemaLocation="http://www.loc.gov/MARC21/slim http://www.loc.gov/standards/marcxml/schema/MARC21slim.xsd"
    xmlns="http://www.loc.gov/MARC21/slim">

  <leader>01054nam a2200229   4500</leader>
  <datafield tag="999" ind1=" " ind2=" ">
    <subfield code="c">96486</subfield>
    <subfield code="d">96486</subfield>
  </datafield>
  <controlfield tag="003">NALT</controlfield>
  <controlfield tag="005">20250619073950.0</controlfield>
  <controlfield tag="008">191113b        th ||||| |||| 00| 0 tha d</controlfield>
  <datafield tag="020" ind1=" " ind2=" ">
    <subfield code="a">9786163890993</subfield>
  </datafield>
  <datafield tag="040" ind1=" " ind2=" ">
    <subfield code="a">NALT</subfield>
  </datafield>
  <datafield tag="050" ind1=" " ind2=" ">
    <subfield code="a">PL 4177 </subfield>
    <subfield code="b">&#xE23;421&#xE19; 2562</subfield>
  </datafield>
  <datafield tag="110" ind1="2" ind2=" ">
    <subfield code="a">&#xE2A;&#xE33;&#xE19;&#xE31;&#xE01;&#xE07;&#xE32;&#xE19;&#xE23;&#xE32;&#xE0A;&#xE1A;&#xE31;&#xE13;&#xE11;&#xE34;&#xE15;&#xE22;&#xE2A;&#xE20;&#xE32;.</subfield>
    <subfield code="9">2</subfield>
  </datafield>
  <datafield tag="245" ind1="1" ind2="0">
    <subfield code="a">&#xE19;&#xE32;&#xE19;&#xE32;&#xE27;&#xE34;&#xE2A;&#xE32;&#xE21;&#xE32;&#xE19;&#xE22;&#xE19;&#xE32;&#xE21; &#xE09;&#xE1A;&#xE31;&#xE1A;&#xE23;&#xE32;&#xE0A;&#xE1A;&#xE31;&#xE13;&#xE11;&#xE34;&#xE15;&#xE22;&#xE2A;&#xE20;&#xE32; /</subfield>
    <subfield code="c">&#xE2A;&#xE33;&#xE19;&#xE31;&#xE01;&#xE07;&#xE32;&#xE19;&#xE23;&#xE32;&#xE0A;&#xE1A;&#xE31;&#xE13;&#xE11;&#xE34;&#xE15;&#xE22;&#xE2A;&#xE20;&#xE32;.</subfield>
  </datafield>
  <datafield tag="260" ind1=" " ind2=" ">
    <subfield code="a">&#xE01;&#xE23;&#xE38;&#xE07;&#xE40;&#xE17;&#xE1E;&#xE2F; :</subfield>
    <subfield code="b">&#xE2A;&#xE33;&#xE19;&#xE31;&#xE01;&#xE07;&#xE32;&#xE19;&#xE23;&#xE32;&#xE0A;&#xE1A;&#xE31;&#xE13;&#xE11;&#xE34;&#xE15;&#xE22;&#xE2A;&#xE20;&#xE32;,</subfield>
    <subfield code="c">2562.</subfield>
  </datafield>
  <datafield tag="300" ind1=" " ind2=" ">
    <subfield code="a">240 &#xE2B;&#xE19;&#xE49;&#xE32; :</subfield>
    <subfield code="b">&#xE15;&#xE32;&#xE23;&#xE32;&#xE07; ;</subfield>
    <subfield code="c">21 &#xE0B;&#xE21;.</subfield>
  </datafield>
  <datafield tag="650" ind1=" " ind2="4">
    <subfield code="9">42713</subfield>
    <subfield code="a">&#xE20;&#xE32;&#xE29;&#xE32;&#xE44;&#xE17;&#xE22; </subfield>
    <subfield code="x">&#xE04;&#xE33;&#xE19;&#xE32;&#xE21;</subfield>
  </datafield>
  <datafield tag="650" ind1=" " ind2="0">
    <subfield code="a">&#xE20;&#xE32;&#xE29;&#xE32;&#xE44;&#xE17;&#xE22;</subfield>
    <subfield code="x">&#xE01;&#xE32;&#xE23;&#xE43;&#xE0A;&#xE49;&#xE20;&#xE32;&#xE29;&#xE32;</subfield>
    <subfield code="9">6278</subfield>
  </datafield>
  <datafield tag="850" ind1=" " ind2=" ">
    <subfield code="a">NALT</subfield>
  </datafield>
  <datafield tag="942" ind1=" " ind2=" ">
    <subfield code="c">GB</subfield>
    <subfield code="2">lcc</subfield>
  </datafield>
  <datafield tag="998" ind1=" " ind2=" ">
    <subfield code="a">bijaya</subfield>
    <subfield code="b">phon</subfield>
    <subfield code="c">phon</subfield>
    <subfield code="j"></subfield>
    <subfield code="k">CRON CRON</subfield>
  </datafield>
  <datafield tag="952" ind1=" " ind2=" ">
    <subfield code="0">0</subfield>
    <subfield code="1">0</subfield>
    <subfield code="2">lcc</subfield>
    <subfield code="4">0</subfield>
    <subfield code="7">0</subfield>
    <subfield code="8">CGBL</subfield>
    <subfield code="a">NALT</subfield>
    <subfield code="b">NALT</subfield>
    <subfield code="d">2019-11-13</subfield>
    <subfield code="l">0</subfield>
    <subfield code="o">PL 4177  &#xE23;421&#xE19; 2562</subfield>
    <subfield code="p">3961210039</subfield>
    <subfield code="r">2019-11-28 00:00:00</subfield>
    <subfield code="w">2019-11-13</subfield>
    <subfield code="y">GB</subfield>
  </datafield>
  <datafield tag="952" ind1=" " ind2=" ">
    <subfield code="0">0</subfield>
    <subfield code="1">0</subfield>
    <subfield code="2">lcc</subfield>
    <subfield code="4">0</subfield>
    <subfield code="7">0</subfield>
    <subfield code="8">CSEN</subfield>
    <subfield code="a">NALT</subfield>
    <subfield code="b">NALT</subfield>
    <subfield code="c">GEN</subfield>
    <subfield code="d">2022-07-30</subfield>
    <subfield code="o">PL 4177 &#xE23;421&#xE19; 2562</subfield>
    <subfield code="p">0100010715001</subfield>
    <subfield code="r">2022-10-18 00:00:00</subfield>
    <subfield code="w">2022-07-30</subfield>
    <subfield code="y">GB</subfield>
  </datafield>
</record>
